| 000 | 00475nam a22001817a 4500 | ||
|---|---|---|---|
| 999 |
_c532232 _d532232 |
||
| 003 | NUST | ||
| 005 | 20191114105403.0 | ||
| 008 | 191114b ||||| |||| 00| 0 eng d | ||
| 020 | _a9380235410 | ||
| 024 | _a9789380235417 | ||
| 038 | _aMSOHAIL | ||
| 082 |
_a555.4 _bGHO |
||
| 100 |
_aParthasarathi Ghosh _925606 |
||
| 245 | _aNumerical Methods and Models in Earth Sciences | ||
| 260 |
_aIndia _bNew India Publishing Agency _cc2011 |
||
| 300 | _aP;146 | ||
| 942 |
_2ddc _cBK |
||